| 000 | 00753 a2200265 4500 | ||
|---|---|---|---|
| 003 | 0000 | ||
| 005 | 20260409150432.0 | ||
| 020 | _a9781032495804 | ||
| 040 | _erda | ||
| 050 |
_aPN 4775 _b.M43 2025 |
||
| 100 |
_4Author _aSilverman, Deborah .A |
||
| 245 |
_aMedia Writing: _bPrint, Broadcast, Online, and Public Relations/ _c Deborah .A Silverman et al. |
||
| 250 | _a6th | ||
| 264 |
_aNew York _bRoutledge _c2025 |
||
| 300 |
_axix, 434p. _bill.: |
||
| 336 | _2rdacontent | ||
| 338 | _2rdacarrier | ||
| 500 | _aIndex | ||
| 700 |
_4Author _aMeyer, Brain .S |
||
| 700 |
_4Author _aMarren, Joe |
||
| 700 |
_4Author _aWhitaker, W. Richard |
||
| 700 |
_4Author _aSmith, Ronald .D |
||
| 700 |
_4Author _aRamsey, Janet E |
||
| 942 |
_2lcc _cBK |
||
| 999 |
_c44294 _d44294 |
||